Statistics for Anime Characters A-Z

Click here to take the quiz!

General Stats

  • This quiz has been taken 21 times
  • The average score is 5 of 26

Answer Stats

ClueAnswer% Correct
Z(One Piece)Strawhat Pirates Vice CaptainZoro Roronoa
70%
V(Dragon Ball) Prince of Saiyan, Goku's Rival Throughout the SeriesVegeta
70%
I(Naruto)Member of Team 10, Chilhood Frenemies with Sakura, Sai's WifeIno Yamanaka
60%
C(Hunter X Hunter)Founding Leader of the Phantom TroupeChrollo Lucilfer
40%
S(Sword Art Online) Have a fear of guns, Accidentally shot an Armed robber as a childSinon
40%
O(Bleach)Ichigo Kurosaki's Wife, Intelligent but quite Naive and CluelessOrihime Inoue
35%
Y(Yu Yu Hakusho)Protagonist, Spirit Detective and the son of Raizen(A King of Underworld)Yusuke Urameshi
30%
W(Full Metal Alchemist) A Girl Mechanic Who Became Edwrd's WifeWinry Rockbell
30%
Q(Pokemon)One of Ash's Pokemon caught in Johto, Fire Type and it evolves from CyndaquilQuilava
30%
T(Sailor Moon) Mamoru Chiba's Alter EgoTuxedo Mask
20%
A(Shaman King)Yoh's Spirit Partner, A Fallen Samurai who killed 100 people before He diedAmidamaru
15%
J(Lupin III)Best Friend of Lupin and the Marksman of the groupJigen Daisuke
15%
U(Slam Dunk)Ryonan's Center and Captain, Shohoku Center Akagi's RivalUozumi Jun
10%
E(Prince of Tennis)Protagonist, Tennis Prodigy who became a Starter as a freshmanEchizen Ryoma
10%
M(Digimon)A Rich Spoiled Kid, Partner of Palmon, Celebrity ChefMimi Tachikawa
5%
K(Oh My Goddess!)Accidentally dialed the Goddess Relief Office and met Belldandy to grant him a wishKeiichi Morisato
5%
R(Gantz) A Popular Idol who's obssessed with Kurono KeiReika Shimohira
5%
G(Major!)Protagonist, Son of a deceased professional baseball playerGoro Shigeno/Honda
5%
F(Seven Deadly Sins)A Demon Officer,Commandment of Selflessness SubstituteFraudrin
5%
D(Mojacko)Robot who becomes Intoxicated when he consumes to much sweetsDonmo
5%
L(Reborn!)Italian Assassin who goes to Japan to Kill Hitman Reborn,Member of Vongola Guardians,Lambo
0%
B(Ghost In The Shell)2nd Best Melee Fighter in Section 9,2nd in Command under MotokoBatou
0%
P(Astroboy) A Robot whose mission is to destroy Earth's mightiest RobotsPluto
0%
H(Eyeshield21)Captain of the Deimon Devil Bats Who Blackmails people to join the teamHiruma Yoichi
0%
X(Slayers)Single Most Powerful Servant of Zelas MetalliumXellos
0%
N(Love Hina)Short Tempered Girl who use violence to punish KeitaroNaru Narusegawa
0%

Score Distribution

Percentile by Number Answered

Percent of People with Each Score

Your Score History

You have not taken this quiz